LEADER 01490nam 2200385 a 450 001 9910701530503321 005 20120326133713.0 035 $a(CKB)5470000002419785 035 $a(OCoLC)781638355 035 $a(EXLCZ)995470000002419785 100 $a20120326d2012 ua 0 101 0 $aeng 135 $aurbn||||||||| 181 $ctxt$2rdacontent 182 $cc$2rdamedia 183 $acr$2rdacarrier 200 10$aNuclear safety$b[electronic resource] $earrangement between the United States of America and Sweden signed at Vienna, September 19, 2011, with addenda 210 1$a[Washington, D.C.] :$cU.S. Dept. of State,$d[2012?] 215 $a1 online resource (18 unnumbered pages) 225 1 $aTreaties and other international acts series ;$v11-919 300 $aTitle from title screen (viewed on Mar. 26, 2012). 517 $aNuclear safety 606 $aNuclear facilities$xSafety measures$xResearch$zUnited States 606 $aNuclear facilities$xSafety measures$xResearch$zSweden 606 $aNuclear facilities$xSafety measures$xInternational cooperation 615 0$aNuclear facilities$xSafety measures$xResearch 615 0$aNuclear facilities$xSafety measures$xResearch 615 0$aNuclear facilities$xSafety measures$xInternational cooperation. 712 02$aUnited States.$bDepartment of State. 801 0$bGPO 801 1$bGPO 906 $aBOOK 912 $a9910701530503321 996 $aNuclear safety$92319825 997 $aUNINA LEADER 02496nam 22005294a 450 001 9910784323803321 005 20230828214848.0 010 $a1-4267-1355-X 010 $a0-687-64282-5 035 $a(CKB)1000000000351447 035 $a(EBL)272092 035 $a(OCoLC)694147472 035 $a(SSID)ssj0000360643 035 $a(PQKBManifestationID)11925460 035 $a(PQKBTitleCode)TC0000360643 035 $a(PQKBWorkID)10347947 035 $a(PQKB)11568826 035 $a(MiAaPQ)EBC272092 035 $a(MiAaPQ)EBC6122915 035 $a(Au-PeEL)EBL272092 035 $a(CaPaEBR)ebr10430611 035 $a(EXLCZ)991000000000351447 100 $a20060118d2006 uy 0 101 0 $aeng 135 $aur|n|---||||| 181 $ctxt 182 $cc 183 $acr 200 10$aGo big$b[electronic resource] $elead your church to explosive growth /$fBill Easum and Bil Cornelius 210 $aNashville $cAbingdon Press$dc2006 215 $a1 online resource (160 p.) 300 $aDescription based upon print version of record. 311 $a0-687-33442-X 327 $aIntroduction: get ready for a ride -- The only difference is the zeroes -- A wild and crazy God -- Structuring your church for growth -- It's time to lead, pastor! -- Double your vision -- Preparing to break the growth barriers -- The growth barriers -- Staffing the church for explosive growth -- Saved to serve -- Make a big "ask" of yourself -- Handling problem people -- Positioning ourselves for explosive growth. 330 $aBill Easum and Bil Cornelius are two strikingly different, yet surprisingly similar pastors. One undertook to revitalize a moribund mainline church; the other, to plant a new nondenominational congregation. Coming from different generations, their ministries took place under dissimilar circumstances. Yet both have experienced substantial, even explosive, growth in congregational mission and membership. Along the way they learned some important lessons, such as the centrality of strong pastoral leadership, the need for an unhesitant pursuit of excellence in all areas of the church's ministry, a 606 $aChurch growth 615 0$aChurch growth. 676 $a254/.5 700 $aEasum$b William M.$f1939-$01504718 701 $aCornelius$b Bil$f1972-$01568580 801 0$bMiAaPQ 801 1$bMiAaPQ 801 2$bMiAaPQ 906 $aBOOK 912 $a9910784323803321 996 $aGo big$93840798 997 $aUNINA